[Event "5th SPICE Cup GpC"]
[Site "Lubbock USA"]
[Date "2011.10.15"]
[Round "1"]
[White "Herman,Ma"]
[Black "Troff,Kayden W"]
[Result "1/2-1/2"]
[WhiteElo "2414"]
[BlackElo "2306"]
[EventDate "2011.10.15"]

1. e4 c5 2. Nf3 d6 3. d4 cxd4 4. Nxd4 Nf6 5. Nc3 a6 6. Bc4 e6 7. Bb3 Nbd7
8. Bg5 Nc5 9. O-O Be7 10. Re1 O-O 11. f4 Qc7 12. e5 Ne8 13. Bxe7 Qxe7 14.
Qh5 g6 15. Qh6 dxe5 16. fxe5 f5 17. exf6 Nxf6 18. Qg5 Nxb3 19. axb3 Bd7 20.
h3 Rae8 21. Ra5 Qb4 22. Qc5 Nd5 23. Qxb4 Nxb4 24. Rae5 Rf4 25. Nce2 Rf6 26.
Nc1 Rd8 27. c3 Nc6 28. R5e4 e5 29. Nxc6 Bxc6 30. Rxe5 Rd2 31. R5e2 Rfd6 32.
Na2 a5 33. c4 Rxe2 34. Rxe2 Rd3 35. Nc3 Kf7 36. Kf2 Kf6 37. Ke1 h5 38. Kf2
1/2-1/2

[Event "5th SPICE Cup GpC"]
[Site "Lubbock USA"]
[Date "2011.10.15"]
[Round "1"]
[White "Altounian,L"]
[Black "Perelshteyn,E"]
[Result "1/2-1/2"]
[WhiteElo "2429"]
[BlackElo "2534"]
[EventDate "2011.10.15"]

1. Nf3 Nf6 2. g3 g6 3. b3 Bg7 4. Bb2 O-O 5. Bg2 d6 6. d4 c6 7. O-O a5 8.
Nbd2 d5 9. c4 a4 10. Bc3 Ne4 11. Nxe4 dxe4 12. Ne1 c5 13. Nc2 Nc6 14. e3 f5
15. f3 cxd4 16. exd4 e5 17. d5 Qb6+ 18. Kh1 axb3 19. axb3 Rxa1 20. Nxa1
exf3 21. Bxf3 Nd4 22. Bxd4 exd4 23. Qd3 Qc5 24. Nc2 b5 25. Rd1 Ba6 26. Nxd4
bxc4 27. Ne6 Qb4 28. Qe3 cxb3 29. Qa7 Bb7 30. Nxf8 Bxf8 31. Qe3 b2 32. Qe6+
Kg7 33. Qe5+ Kg8 34. Qe6+ Kg7 35. Qe5+ Kg8 36. Rb1 Bg7 37. Qe6+ Kf8 38. Re1
Qb5 39. Qd6+ Kg8 40. Qe6+ Kf8 41. Qd6+ Kg8 42. Qe6+ Kf8 1/2-1/2

[Event "5th SPICE Cup GpC"]
[Site "Lubbock USA"]
[Date "2011.10.15"]
[Round "1"]
[White "Aleskerov,F"]
[Black "Neimer,V"]
[Result "0-1"]
[WhiteElo "2316"]
[BlackElo "2373"]
[EventDate "2011.10.15"]

1. e4 c5 2. Nc3 e6 3. f4 Nc6 4. Bc4 Nge7 5. e5 d5 6. exd6 Nf5 7. Nf3 Bxd6
8. d3 O-O 9. Ne4 Rb8 10. a4 a6 11. g4 Nh4 12. Nxd6 Nxf3+ 13. Qxf3 Qxd6 14.
a5 b5 15. axb6 Bb7 16. Qf2 Nd4 17. Rf1 Qxb6 18. c3 Nf3+ 19. Kd1 e5 20. Be3
Rbc8 21. b4 Qg6 22. Bxc5 Rfd8 23. Kc1 exf4 24. d4 Re8 25. Kb2 Re3 26. d5
Ne5 27. Qxf4 Re4 28. Qxe5 Rxe5 29. d6 Qxg4 30. Bxf7+ Kh8 31. Bd4 Re2+ 32.
Ka3 a5 33. Rg1 axb4+ 34. Kxb4 Bg2 35. Ra7 Rd2 0-1

[Event "5th SPICE Cup GpC"]
[Site "Lubbock USA"]
[Date "2011.10.16"]
[Round "2"]
[White "Troff,Kayden W"]
[Black "Friedel,J"]
[Result "1/2-1/2"]
[WhiteElo "2306"]
[BlackElo "2518"]
[EventDate "2011.10.15"]

1. d4 Nf6 2. c4 e6 3. Nf3 d5 4. g3 Bb4+ 5. Bd2 Be7 6. Bg2 O-O 7. O-O c6 8.
Qc2 Nbd7 9. Bf4 a5 10. Nbd2 Nh5 11. Rfd1 Nxf4 12. gxf4 b5 13. c5 Qc7 14. e3
f6 15. Nh4 Kh8 16. Bh3 f5 17. Nhf3 h6 18. Kh1 g5 19. Rg1 Rg8 20. Ne1 gxf4
21. Rxg8+ Kxg8 22. Nd3 fxe3 23. Nf3 Nf6 24. Qc1 Ne4 25. Qxe3 Kh7 26. Rg1
Bd7 27. Nfe5 Bg5 28. Qe2 Be8 29. f3 Bh5 30. Qe1 Rg8 31. fxe4 dxe4 32. Nf2
Qd8 33. Nxe4 Qxd4 34. Rxg5 Rxg5 35. Nxg5+ hxg5 36. Bg2 Qxc5 37. Nxc6 Be8
38. Ne5 Kg7 39. Qc3 Qxc3 40. bxc3 Kf6 41. Bc6 Bh5 42. Nd7+ Ke7 43. Nb8 Be2
44. Bg2 Kd6 45. Nc6 a4 46. a3 e5 47. Kg1 Bd3 48. Kf2 e4 49. Nb4 Bc4 50. Ke3
Kc5 51. Na6+ Kb6 52. Nb4 Kc5 53. Na6+ Kb6 54. Nb4 Kc5 1/2-1/2

[Event "5th SPICE Cup GpC"]
[Site "Lubbock USA"]
[Date "2011.10.16"]
[Round "2"]
[White "Diamant,A"]
[Black "Aleskerov,F"]
[Result "0-1"]
[WhiteElo "2505"]
[BlackElo "2316"]
[EventDate "2011.10.15"]

1. d4 c5 2. e4 cxd4 3. Nf3 e5 4. c3 Nc6 5. cxd4 Bb4+ 6. Bd2 Bxd2+ 7. Qxd2
exd4 8. Nxd4 Nf6 9. Nc3 O-O 10. Ndb5 d5 11. exd5 Nb4 12. Rd1 a6 13. Nd4
Nbxd5 14. Be2 Nxc3 15. Qxc3 Ne4 16. Qa3 Qd6 17. Qxd6 Nxd6 18. O-O Nf5 19.
Bf3 Nxd4 20. Rxd4 Rb8 21. Rc1 Be6 22. a4 a5 23. b4 b6 24. h3 g6 25. bxa5
bxa5 26. Rc5 Rb4 27. Re4 Bd7 28. Rxa5 Rb1+ 29. Kh2 Ra1 30. Rd4 Be6 31. h4
Kg7 32. Rb5 Rc8 33. Kg3 Rc3 34. Rb7 Rca3 35. Re4 Bd5 0-1

[Event "5th SPICE Cup GpC"]
[Site "Lubbock USA"]
[Date "2011.10.16"]
[Round "2"]
[White "Neimer,V"]
[Black "Herman,Ma"]
[Result "1/2-1/2"]
[WhiteElo "2373"]
[BlackElo "2414"]
[EventDate "2011.10.15"]

1. e4 c5 2. Nf3 d6 3. Bb5+ Nd7 4. d4 Ngf6 5. Nc3 cxd4 6. Qxd4 e5 7. Qd3 h6
8. O-O a6 9. Bxd7+ Bxd7 10. a4 Rc8 11. Be3 Be6 12. Rfd1 Qc7 13. Ne1 Be7 14.
f3 O-O 15. a5 Bc4 16. Qd2 d5 17. Bb6 Bc5+ 18. Kh1 Bxb6 19. axb6 Qxb6 20. b3
Bb5 1/2-1/2

[Event "5th SPICE Cup GpC"]
[Site "Lubbock USA"]
[Date "2011.10.16"]
[Round "3"]
[White "Friedel,J"]
[Black "Neimer,V"]
[Result "1-0"]
[WhiteElo "2518"]
[BlackElo "2373"]
[EventDate "2011.10.15"]

1. e4 c5 2. Nf3 e6 3. d4 cxd4 4. Nxd4 a6 5. Nc3 Qc7 6. Bd3 Nc6 7. Nxc6 dxc6
8. O-O Nf6 9. Be3 b5 10. a4 b4 11. Nb1 Bd6 12. f4 e5 13. f5 Qe7 14. Kh1 h6
15. a5 Bc5 16. Bc1 O-O 17. Qe2 Qa7 18. Nd2 Be3 19. Nc4 Bxc1 20. Rfxc1 Nd7
21. c3 Nc5 22. Nb6 Rb8 23. Bc4 Rxb6 24. axb6 Qxb6 25. Qe3 bxc3 26. Rxc3
Qxb2 27. Ra2 Qb4 28. Qxc5 Qxc5 29. Bxf7+ Rxf7 30. Rxc5 Rd7 31. g4 Rd4 32.
Rxe5 Kf7 33. Kg2 Kf6 34. Rc5 Kg5 35. Rf2 1-0

[Event "5th SPICE Cup GpC"]
[Site "Lubbock USA"]
[Date "2011.10.16"]
[Round "3"]
[White "Perelshteyn,E"]
[Black "Bartholomew,J"]
[Result "1/2-1/2"]
[WhiteElo "2534"]
[BlackElo "2440"]
[EventDate "2011.10.15"]

1. e4 e5 2. Nf3 Nc6 3. Bc4 Bc5 4. c3 Nf6 5. d4 exd4 6. cxd4 Bb4+ 7. Bd2
Bxd2+ 8. Nbxd2 d5 9. exd5 Nxd5 10. O-O O-O 11. Rc1 Nb6 12. Bb3 Bg4 13. h3
Bh5 14. Rc5 Bg6 15. Nc4 Nxc4 16. Bxc4 Qd6 17. Qc1 Rad8 18. Rd1 Be4 19. Ng5
Bg6 20. Nf3 Be4 21. Ng5 Bg6 22. Nf3 1/2-1/2

[Event "5th SPICE Cup GpC"]
[Site "Lubbock USA"]
[Date "2011.10.17"]
[Round "4"]
[White "Neimer,V"]
[Black "Altounian,L"]
[Result "1/2-1/2"]
[WhiteElo "2373"]
[BlackElo "2429"]
[EventDate "2011.10.15"]

1. e4 e6 2. d4 d5 3. Nd2 c5 4. exd5 Qxd5 5. Ngf3 cxd4 6. Bc4 Qd6 7. O-O Nf6
8. Nb3 Nc6 9. Nbxd4 Nxd4 10. Nxd4 a6 11. Re1 Qc7 12. Qe2 Bd7 13. a4 Bc5 14.
c3 h6 15. g3 Bxd4 16. cxd4 Bc6 17. Bf4 Qe7 18. d5 Bxd5 19. Rad1 Rd8 20.
Bxd5 Nxd5 21. Qe5 Nxf4 22. Rxd8+ Qxd8 23. Qxf4 O-O 24. Rc1 Qd3 25. Rc7 Qb1+
26. Qc1 Qxc1+ 27. Rxc1 Rd8 28. Rc7 Rd4 29. Rxb7 Rxa4 30. b4 g5 31. Kg2 Kg7
32. b5 axb5 33. Rxb5 Kg6 34. h3 h5 35. Rc5 f5 36. Re5 Kf6 37. Rb5 h4 38.
gxh4 Rxh4 39. Ra5 Rd4 40. Kg3 Rd3+ 41. Kg2 Rd5 42. Ra4 Ke5 43. Ra6 Rd3 44.
Ra4 Kd5 45. Ra6 Rb3 46. Ra5+ Ke4 47. Ra4+ Ke5 48. Ra5+ Kf6 49. Rc5 Rd3 50.
Ra5 f4 51. Rb5 e5 52. f3 Rd2+ 53. Kg1 Re2 54. Rb6+ Kf5 55. Rb5 Kf6 56. Rb6+
Kf5 57. Rb5 Ke6 58. Rb6+ Kd5 59. Rb4 Rc2 60. Ra4 Rc1+ 61. Kf2 Rc2+ 62. Kg1
Rc4 63. Ra2 1/2-1/2

[Event "5th SPICE Cup GpC"]
[Site "Lubbock USA"]
[Date "2011.10.17"]
[Round "4"]
[White "Troff,Kayden W"]
[Black "Perelshteyn,E"]
[Result "1/2-1/2"]
[WhiteElo "2306"]
[BlackElo "2534"]
[EventDate "2011.10.15"]

1. d4 Nf6 2. c4 g6 3. Nc3 Bg7 4. e4 d6 5. Nf3 O-O 6. Be2 Na6 7. O-O e5 8.
Re1 c6 9. Be3 Ng4 10. Bg5 f6 11. Bh4 Nh6 12. c5 exd4 13. Bxa6 dxc3 14. Bc4+
Kh8 15. bxc3 b5 16. Bb3 dxc5 17. Qxd8 Rxd8 18. e5 Rf8 19. exf6 Bxf6 20.
Bxf6+ Rxf6 21. Re8+ Kg7 22. Re7+ Nf7 23. a4 Bf5 24. axb5 cxb5 25. Bd5 Rd8
26. c4 bxc4 27. Bxc4 Kf8 28. Rexa7 Be6 29. Bxe6 Rxe6 30. Rc7 Red6 31. Kf1
Rd1+ 32. Rxd1 Rxd1+ 33. Ke2 Rd5 34. Nd2 Re5+ 35. Kf1 Ng5 36. Nc4 Rf5 37.
Ne3 Re5 38. h4 Nf7 39. g3 h5 40. Ng2 g5 41. hxg5 Rxg5 42. Nf4 Kg8 43. Ne6
Rg4 44. Rc8+ Kh7 45. Rxc5 h4 46. Rc7 Kg8 47. Rc8+ Kh7 48. Rf8 Nh6 49. gxh4
Rxh4 50. Rf3 Kg6 51. Nf4+ Kg5 52. Ng2 Ra4 53. Ne3 Ng4 54. Rg3 Kh4 55. Nxg4
Rxg4 56. Rxg4+ Kxg4 1/2-1/2

[Event "5th SPICE Cup GpC"]
[Site "Lubbock USA"]
[Date "2011.10.17"]
[Round "4"]
[White "Aleskerov,F"]
[Black "Herman,Ma"]
[Result "1/2-1/2"]
[WhiteElo "2316"]
[BlackElo "2414"]
[EventDate "2011.10.15"]

1. d4 d5 2. Nf3 Nf6 3. e3 c6 4. Nbd2 Bg4 5. h3 Bh5 6. Be2 Nbd7 7. b3 e6 8.
O-O Bd6 9. Bb2 Qb8 10. c4 O-O 11. Re1 Bg6 12. c5 Bc7 13. b4 Ne4 14. Nxe4
Bxe4 15. Nd2 Bg6 16. Bf3 a5 17. a3 b6 18. cxb6 Qxb6 19. Bc3 axb4 20. Bxb4
c5 21. dxc5 Nxc5 22. Be2 Rfc8 23. Nf3 Bd6 24. Rc1 Ne4 25. Qd4 Qxd4 26.
Rxc8+ Rxc8 27. Nxd4 Kf8 28. f3 Bxb4 29. axb4 Nd6 30. b5 e5 31. Nc6 f6 32.
Rd1 Bf7 33. Nb4 Rb8 34. Na6 Rb6 35. Nc7 1/2-1/2

[Event "5th SPICE Cup GpC"]
[Site "Lubbock USA"]
[Date "2011.10.17"]
[Round "5"]
[White "Friedel,J"]
[Black "Aleskerov,F"]
[Result "1-0"]
[WhiteElo "2518"]
[BlackElo "2316"]
[EventDate "2011.10.15"]

1. e4 e5 2. Nf3 Nf6 3. Nxe5 d6 4. Nf3 Nxe4 5. d4 d5 6. Bd3 Nc6 7. O-O Be7
8. Nc3 Bf5 9. Re1 Nxc3 10. bxc3 Bxd3 11. Qxd3 O-O 12. Bf4 Bd6 13. Ng5 g6
14. Qh3 h5 15. Qg3 Bxf4 16. Qxf4 Qd6 17. Qf3 b5 18. g4 hxg4 19. Qxg4 Kg7
20. Ne6+ Kg8 21. Nxf8 Rxf8 22. Re3 Ne7 23. Rae1 Nf5 24. Re5 Qf6 25. Rxd5
Kg7 26. Qf4 c6 27. Rd7 Kh7 28. Rxa7 c5 29. Rc7 cxd4 30. cxd4 b4 31. Re3 Rd8
32. Ree7 Rf8 33. Re5 Ra8 34. h3 Kg7 35. Rb5 Re8 36. Rbb7 Kg8 37. Rxf7 Qc6
38. Kh2 Re1 39. Qb8+ 1-0

[Event "5th SPICE Cup GpC"]
[Site "Lubbock USA"]
[Date "2011.10.17"]
[Round "5"]
[White "Bartholomew,J"]
[Black "Troff,Kayden W"]
[Result "1-0"]
[WhiteElo "2440"]
[BlackElo "2306"]
[EventDate "2011.10.15"]

1. c4 e5 2. g3 Nf6 3. Bg2 Nc6 4. Nc3 Bc5 5. Nf3 d6 6. d3 h6 7. a3 a6 8. O-O
O-O 9. b4 Bb6 10. Bb2 Be6 11. Rc1 Qd7 12. e3 Ne7 13. c5 Ba7 14. Qc2 Ng6 15.
Ne4 Ne8 16. c6 bxc6 17. Qxc6 Qxc6 18. Rxc6 Bb6 19. Nfd2 Rb8 20. Rc2 Ne7 21.
Nc3 Bf5 22. Be4 Bd7 23. Nd5 Nxd5 24. Bxd5 Nf6 25. Bc6 Bf5 26. Ne4 Nh7 27.
Rfc1 Bg6 28. g4 h5 29. gxh5 Bxh5 30. a4 Bg6 31. Bd5 a5 32. bxa5 Bxa5 33.
Bc3 Bb6 34. Rb2 Kh8 35. a5 Ba7 36. Rxb8 Bxb8 37. a6 f5 38. Ng3 f4 39. Ne4
Ba7 40. Bd2 Bb6 41. Rb1 Bxe4 42. Bxe4 Nf6 43. Bc6 Ne8 44. exf4 exf4 45. h4
Kg8 46. Rb4 g6 47. Rxf4 Ng7 48. Bd5+ 1-0

[Event "5th SPICE Cup GpC"]
[Site "Lubbock USA"]
[Date "2011.10.17"]
[Round "5"]
[White "Altounian,L"]
[Black "Diamant,A"]
[Result "1/2-1/2"]
[WhiteElo "2429"]
[BlackElo "2505"]
[EventDate "2011.10.15"]

1. Nf3 g6 2. g3 Bg7 3. Bg2 e5 4. O-O Nc6 5. c4 f5 6. Nc3 Nf6 7. d4 e4 8.
Ne1 O-O 9. Nc2 d5 10. b3 Be6 11. Ba3 Re8 12. Ne3 Bf7 13. cxd5 Ne7 14. d6
cxd6 15. Nc4 Rc8 16. Nb5 d5 17. Ncd6 Qa5 18. Nxf7 Qxb5 19. Nd6 Qa5 20. Nxe8
Qxa3 21. Nxg7 Kxg7 22. Qd2 Nc6 23. Rac1 h5 24. b4 a6 25. Rc5 e3 26. Qxe3
Qxa2 27. b5 Re8 28. Qf4 axb5 29. Rxb5 Qxe2 30. Rxb7+ Re7 31. Rxe7+ Qxe7 32.
Rc1 Qd7 33. Rc5 Kf7 34. Bf3 Qe6 35. Kg2 Qd7 36. h3 Qe6 37. Qc7+ Ne7 38. Qe5
Nd7 39. Qxe6+ Kxe6 40. Ra5 Nf6 41. Ra6+ Kf7 42. h4 f4 43. Ra4 fxg3 44. fxg3
Nf5 45. Kh3 Ne3 46. Ra3 Nf5 47. Rd3 Ne4 48. Bxe4 dxe4 49. Rd2 e3 50. Re2
Ke6 51. g4 hxg4+ 52. Kxg4 Kd5 53. h5 Nh6+ 54. Kf4 gxh5 55. Rxe3 Kxd4 56.
Rh3 Ng4 57. Rxh5 Nf2 58. Rh4 Nd3+ 59. Kf3+ Kd5 60. Ke3 Nc5 61. Rg4 Ne6 62.
Ra4 Nc5 63. Rh4 Ne6 64. Rh5+ Kc4 1/2-1/2

[Event "5th SPICE Cup GpC"]
[Site "Lubbock USA"]
[Date "2011.10.17"]
[Round "5"]
[White "Perelshteyn,E"]
[Black "Neimer,V"]
[Result "1/2-1/2"]
[WhiteElo "2534"]
[BlackElo "2373"]
[EventDate "2011.10.15"]

1. d4 Nf6 2. c4 e6 3. Nc3 Bb4 4. g3 O-O 5. Bg2 d5 6. Nf3 dxc4 7. O-O Nc6 8.
Bg5 h6 9. Bxf6 Qxf6 10. e3 Rd8 11. Qe2 e5 12. Qxc4 exd4 13. Nd5 Qd6 14.
Nxd4 Nxd4 15. Qxd4 Bc5 16. Qh4 c6 17. b4 Bb6 18. Ne7+ Kf8 19. Nxc8 Raxc8
20. a4 a6 21. b5 axb5 22. axb5 cxb5 23. Rab1 Rc4 24. Qh5 Rc5 25. Qe2 Qe5
26. Bxb7 Ba5 27. Rfd1 Rxd1+ 28. Rxd1 Qc7 29. Bd5 Bc3 30. Qd3 Qd7 31. Qe4
Bf6 32. Bb3 Qc6 33. Qh7 Ke7 34. Qg8 Qe8 35. Bxf7 Qxg8 36. Bxg8 b4 37. Bb3
Rc3 38. Rb1 Kd6 39. Kf1 Kc5 40. Ke2 Kb5 41. h4 Kc5 42. h5 Kb5 43. g4 Kc5
44. f4 Kb5 45. Kd2 Bh4 46. Bd1 Bf6 47. Be2+ Kc5 48. Bd3 Ra3 49. Ke2 Ra1 50.
Kf3 Rxb1 51. Bxb1 b3 52. Ke4 Kd6 53. Kf5 Ke7 54. e4 Bc3 55. e5 Bd2 56. Bd3
b2 57. Bb1 Be3 58. Ba2 Kf8 59. Ke4 Bd2 60. Bb1 Ke7 61. Kf5 Kf8 62. Ba2 Be3
63. g5 hxg5 64. fxg5 Bd2 65. Kg6 Be3 66. Kf5 Bd2 67. Bb1 Be3 68. Bc2 Bd2
69. Bd3 Be3 70. Be4 Bd2 71. Bb1 Be3 72. Ba2 Bd2 73. Kg6 Be3 74. h6 gxh6 75.
gxh6 b1=Q+ 76. Bxb1 Kg8 77. e6 Bc5 78. Ba2 Kh8 1/2-1/2

[Event "5th SPICE Cup GpC"]
[Site "Lubbock USA"]
[Date "2011.10.18"]
[Round "6"]
[White "Diamant,A"]
[Black "Perelshteyn,E"]
[Result "1/2-1/2"]
[WhiteElo "2505"]
[BlackElo "2534"]
[EventDate "2011.10.15"]

1. d4 Nf6 2. c4 g6 3. Nc3 Bg7 4. e4 d6 5. Nf3 O-O 6. Be2 Na6 7. O-O e5 8.
Re1 Bg4 9. Be3 Bxf3 10. Bxf3 exd4 11. Bxd4 Nb4 12. Be2 Nc6 13. Be3 Nd7 14.
Qd2 Nc5 15. f3 Ne6 16. Kh1 Ncd4 17. Bf1 Qh4 18. f4 f5 19. g3 Qh5 20. exf5
Nxf5 21. Bf2 Nfd4 22. Bg2 Nf3 23. Bxf3 Qxf3+ 24. Kg1 Rae8 25. Re3 Qg4 26.
Rae1 Nd4 27. Kg2 Rxe3 28. Qxe3 Nc2 29. Qe6+ Qxe6 30. Rxe6 Bxc3 31. bxc3 b6
32. Re7 Rf7 33. Re8+ Kg7 34. Bd4+ Kh6 35. Re4 Na3 36. Be3 Kg7 37. Bc1 Nb1
38. Re1 Kg8 39. Re8+ Rf8 40. Re7 Rf7 41. Re8+ Rf8 42. Re7 1/2-1/2

[Event "5th SPICE Cup GpC"]
[Site "Lubbock USA"]
[Date "2011.10.18"]
[Round "6"]
[White "Aleskerov,F"]
[Black "Altounian,L"]
[Result "0-1"]
[WhiteElo "2316"]
[BlackElo "2429"]
[EventDate "2011.10.15"]

1. e4 e6 2. d4 d5 3. e5 c5 4. c3 Qb6 5. Nf3 Bd7 6. a3 Bb5 7. Bxb5+ Qxb5 8.
b4 cxd4 9. cxd4 Nd7 10. Nc3 Qc6 11. Na4 Nb6 12. Nxb6 Qxb6 13. O-O Ne7 14.
Qa4+ Nc6 15. Bd2 a6 16. Rfb1 Qb5 17. Qd1 Be7 18. a4 Qb6 19. b5 axb5 20.
Rxb5 Qa6 21. Qb3 Ra7 22. Rb1 O-O 23. Rxb7 Rxb7 24. Qxb7 Qxa4 25. Qd7 Rd8
26. Qc7 Qa8 27. Rc1 Rc8 28. Qd7 Bf8 29. g4 Ne7 30. Rxc8 Nxc8 31. Qe8 Nb6
32. Qxa8 Nxa8 33. Ba5 Be7 34. Kg2 Kf8 35. h4 Ke8 36. h5 Kd7 37. Nd2 Kc6 38.
f4 Kb5 39. Bc3 Nb6 40. Kf3 Na4 41. Nb1 Kc4 42. Bd2 Kxd4 43. g5 Bf8 44. Ba5
Kd3 45. f5 Nb2 46. Be1 Kc2 47. Nd2 Nd3 48. Ke2 Nxe1 49. fxe6 fxe6 50. Nf1
Nd3 0-1

[Event "5th SPICE Cup GpC"]
[Site "Lubbock USA"]
[Date "2011.10.18"]
[Round "6"]
[White "Herman,Ma"]
[Black "Friedel,J"]
[Result "1/2-1/2"]
[WhiteElo "2414"]
[BlackElo "2518"]
[EventDate "2011.10.15"]

1. e4 e5 2. Nf3 Nc6 3. Bc4 Nf6 4. d3 Be7 5. O-O O-O 6. Re1 d6 7. c3 Na5 8.
Bb5 a6 9. Ba4 b5 10. Bc2 c5 11. Nbd2 Re8 12. Nf1 h6 13. h3 Bf8 14. d4 cxd4
15. cxd4 exd4 16. Nxd4 Bb7 17. Ng3 Rc8 18. b3 d5 19. e5 Ne4 20. Ngf5 Nc6
21. Nxh6+ gxh6 22. Rxe4 dxe4 23. Qg4+ Kh8 24. Qxe4 f5 25. Qxf5 Qe7 26. Ne6
Nb4 27. Nf4 Kg8 28. Nh5 Rxc2 29. Nf6+ Kh8 30. Bxh6 Be4 31. Qh5 Bxh6 32.
Qxh6+ Bh7 33. Rd1 Qa7 34. Rd4 Rxf2 35. Nxe8 Rf5 36. Kh2 Qe7 37. Rd8 Qxe5+
38. Kg1 Qc5+ 39. Kh2 Qe5+ 40. Kg1 Qe1+ 41. Kh2 Qe5+ 1/2-1/2

[Event "5th SPICE Cup GpC"]
[Site "Lubbock USA"]
[Date "2011.10.18"]
[Round "6"]
[White "Neimer,V"]
[Black "Bartholomew,J"]
[Result "1/2-1/2"]
[WhiteElo "2373"]
[BlackElo "2440"]
[EventDate "2011.10.15"]

1. e4 e5 2. Nf3 Nc6 3. Nc3 Nf6 4. d4 exd4 5. Nxd4 Bb4 6. Nxc6 bxc6 7. Bd3
d5 8. exd5 cxd5 9. O-O O-O 10. Bg5 c6 11. Qf3 Be7 12. Rfe1 Rb8 13. Rab1 Be6
14. Ne2 h6 15. Bf4 Rb6 16. Nd4 c5 17. Nxe6 fxe6 18. Bxh6 c4 19. Bxg7 cxd3
20. Bxf8 d2 21. Bh6 dxe1=R+ 22. Rxe1 Kf7 23. b3 Qc7 24. c3 e5 25. Qg3 Re6
26. h4 Ke8 27. Qh3 Rc6 28. c4 dxc4 29. bxc4 e4 30. Bg5 Qa5 31. Rd1 Qxa2 32.
f3 Qe2 33. Rb1 exf3 34. gxf3 Kf7 35. h5 Rd6 36. Qf5 Rd1+ 37. Rxd1 Qxd1+ 38.
Kg2 Qe2+ 39. Kh1 Qf1+ 40. Kh2 Qf2+ 41. Kh1 Qf1+ 42. Kh2 Qf2+ 43. Kh1
1/2-1/2

[Event "5th SPICE Cup GpC"]
[Site "Lubbock USA"]
[Date "2011.10.18"]
[Round "7"]
[White "Perelshteyn,E"]
[Black "Aleskerov,F"]
[Result "0-1"]
[WhiteElo "2534"]
[BlackElo "2316"]
[EventDate "2011.10.15"]

1. d4 c5 2. d5 e5 3. Nc3 d6 4. e4 Be7 5. f4 exf4 6. Bxf4 Nf6 7. Be2 O-O 8.
Nf3 Nbd7 9. O-O Ng4 10. Nd2 Nge5 11. Nc4 Nxc4 12. Bxc4 a6 13. a4 Qc7 14.
Be2 Bf6 15. Bg4 Ne5 16. Bxc8 Raxc8 17. Qe2 Rfe8 18. Bd2 Qd7 19. Rf5 Ng6 20.
Raf1 Re5 21. Rxe5 Bxe5 22. a5 Re8 23. Qf3 Bd4+ 24. Kh1 Ne5 25. Qe2 Qg4 26.
Bf4 Qxe2 27. Nxe2 Bxb2 28. Rb1 Nc4 29. Ng3 g6 30. Bxd6 Nxd6 31. Rxb2 Nxe4
32. Rxb7 Nc3 33. h3 Nxd5 34. Ra7 Re6 35. Ra8+ Kg7 36. Rc8 Re1+ 37. Kh2 Ne3
38. Rxc5 h5 39. h4 f5 40. Rc7+ Kh6 41. Rf7 Ng4+ 42. Kh3 Re3 43. c3 Ne5 0-1

[Event "5th SPICE Cup GpC"]
[Site "Lubbock USA"]
[Date "2011.10.18"]
[Round "7"]
[White "Bartholomew,J"]
[Black "Diamant,A"]
[Result "1/2-1/2"]
[WhiteElo "2440"]
[BlackElo "2505"]
[EventDate "2011.10.15"]

1. d4 Nf6 2. c4 g6 3. Nc3 Bg7 4. e4 d6 5. f3 O-O 6. Nge2 c6 7. Be3 a6 8. c5
Nbd7 9. cxd6 exd6 10. Qd2 b5 11. Nf4 Re8 12. Be2 Bb7 13. O-O Nb6 14. Rac1
Qe7 15. b3 Nbd5 1/2-1/2

[Event "5th SPICE Cup GpC"]
[Site "Lubbock USA"]
[Date "2011.10.18"]
[Round "7"]
[White "Troff,Kayden W"]
[Black "Neimer,V"]
[Result "0-1"]
[WhiteElo "2306"]
[BlackElo "2373"]
[EventDate "2011.10.15"]

1. d4 Nf6 2. c4 e6 3. Nf3 Bb4+ 4. Bd2 c5 5. e3 O-O 6. Be2 b6 7. O-O Bb7 8.
Ne5 d6 9. Bf3 Qc7 10. Nd3 Bxd2 11. Nxd2 Nc6 12. d5 exd5 13. cxd5 Ne7 14. e4
Ng6 15. a4 Rfe8 16. Re1 Ba6 17. Qc2 Re7 18. g3 Rae8 19. Nc4 Nxe4 20. Bxe4
Rxe4 21. Rxe4 Rxe4 22. Ne3 Rd4 23. Nc1 Ne5 24. Nb3 Rd3 25. Kg2 Qd7 26. a5
Bc8 27. axb6 axb6 28. Ra8 g6 29. Kh1 Qh3 30. Nd2 Kg7 31. Ndf1 Rxe3 32. Nxe3
Nf3 33. Qc3+ Kh6 34. Nf5+ Bxf5 35. Qe3+ g5 0-1

[Event "5th SPICE Cup GpC"]
[Site "Lubbock USA"]
[Date "2011.10.19"]
[Round "8"]
[White "Aleskerov,F"]
[Black "Bartholomew,J"]
[Result "1-0"]
[WhiteElo "2316"]
[BlackElo "2440"]
[EventDate "2011.10.15"]

1. e4 d5 2. exd5 Qxd5 3. Nc3 Qa5 4. g3 Nf6 5. Bg2 c6 6. Nf3 Bf5 7. O-O e6
8. d3 Be7 9. a3 O-O 10. Rb1 Qc7 11. b4 a6 12. Re1 Nbd7 13. Bb2 Rad8 14. Qc1
h6 15. Ba1 Bg6 16. Qb2 Rfe8 17. a4 b5 18. Ne4 Nb6 19. a5 Nbd5 20. Nc5 Qa7
21. Ne5 Nxb4 22. Nxe6 fxe6 23. Nxg6 Bc5 24. Re2 Ng4 25. Rf1 Qf7 26. Ne5
Nxe5 27. Rxe5 Bd6 28. Re4 Nd5 29. c4 Nf6 30. Re2 Qc7 31. Qc1 e5 32. c5 Bf8
33. Rfe1 Rxd3 34. Rxe5 Rxe5 35. Bxe5 Qxa5 36. Bxc6 Ng4 37. Bd6 Bxd6 38.
cxd6 Rxd6 39. Re8+ Kf7 40. Qf4+ Rf6 41. Qxg4 Qd2 42. Qh5+ g6 43. Qc5 Qd1+
44. Kg2 Kg7 45. Qe7+ Rf7 1-0

[Event "5th SPICE Cup GpC"]
[Site "Lubbock USA"]
[Date "2011.10.19"]
[Round "8"]
[White "Diamant,A"]
[Black "Troff,Kayden W"]
[Result "1/2-1/2"]
[WhiteElo "2505"]
[BlackElo "2306"]
[EventDate "2011.10.15"]

1. d4 Nf6 2. c4 g6 3. Nc3 d5 4. Nf3 Bg7 5. cxd5 Nxd5 6. g3 O-O 7. Bg2 Nxc3
8. bxc3 c5 9. O-O Nc6 10. d5 Na5 11. Bf4 b6 12. Rc1 Ba6 13. Re1 Qd7 14. Ne5
Bxe5 15. Bxe5 Rad8 16. Bf4 Bc4 17. e4 Bxa2 18. Bh6 Rfe8 19. Qd2 Bc4 20. Qf4
f6 21. h4 Qd6 22. e5 fxe5 23. Rxe5 Bd3 24. Bh3 Qf6 25. Be6+ Kh8 26. Rd1 Nc4
27. Ree1 Qxf4 28. Bxf4 Bf5 29. Bf7 Rf8 30. Rxe7 Rd7 31. Rxd7 Bxd7 32. Be6
Bxe6 33. dxe6 Re8 34. Bh6 Ne5 35. Rd6 Kg8 36. Kg2 b5 37. Ra6 b4 38. cxb4
cxb4 39. Rxa7 Rxe6 40. Rg7+ Kh8 41. Rc7 Kg8 42. Rg7+ Kh8 43. Rb7 Nc6 44. g4
Re7 45. Rb6 Re6 46. Kg3 Kg8 47. Bd2 Kf7 48. Bxb4 Nxb4 49. Rxb4 Re7 50. Rb5
Kg7 51. h5 Rd7 52. Kh4 Rf7 53. Kg3 Rd7 54. f4 Rf7 55. Rc5 Rd7 56. Rg5 Rf7
57. Kf3 Kh6 58. Re5 g5 59. Re6+ Kg7 60. h6+ Kf8 61. f5 Ra7 62. Rb6 Re7 63.
Rb8+ Kf7 64. Rb6 Ra7 65. Ke4 Ra5 66. Rb7+ Kf6 67. Rb6+ Kf7 68. Rd6 Ra4+ 69.
Ke5 Ra5+ 70. Rd5 Ra7 71. Rb5 Re7+ 72. Kd6 Re4 73. Ra5 Kf6 74. Ra7 Rd4+ 75.
Kc5 Rxg4 76. Rxh7 Rh4 77. Kd5 Kxf5 78. Rh8 Kg6 79. h7 Rxh7 80. Rxh7 1/2-1/2

[Event "5th SPICE Cup GpC"]
[Site "Lubbock USA"]
[Date "2011.10.19"]
[Round "8"]
[White "Herman,Ma"]
[Black "Perelshteyn,E"]
[Result "1/2-1/2"]
[WhiteElo "2414"]
[BlackElo "2534"]
[EventDate "2011.10.15"]

1. e4 e6 2. d4 d5 3. Nd2 c5 4. exd5 Qxd5 5. Ngf3 cxd4 6. Bc4 Qd7 7. O-O Nc6
8. Nb3 Nf6 9. Nbxd4 Nxd4 10. Nxd4 a6 11. Bg5 Qc7 12. Bd3 Bd6 13. h3 Bd7 14.
Re1 Bh2+ 15. Kh1 Be5 16. c3 h6 17. Bxf6 Bxf6 18. Qf3 O-O 19. h4 Bxd4 20.
Qe4 f5 21. Qxd4 Rad8 22. Qe5 Qxe5 23. Rxe5 Kf7 24. Bc4 Kf6 25. Rae1 Rfe8
26. f4 Bc8 27. R1e2 Rd6 28. Kg1 g5 29. hxg5+ hxg5 30. fxg5+ Kxg5 31. Kf2
Kf6 32. Bb3 Bd7 33. c4 b6 34. c5 bxc5 35. Rxc5 Bc6 36. Rxc6 Rxc6 37. Ba4
Rec8 38. Bxc6 Rxc6 39. b3 e5 40. Rb2 e4 41. a4 a5 42. b4 axb4 43. Rxb4 Rc2+
44. Kg3 Kg5 45. Rb5 Ra2 46. a5 Ra3+ 47. Kf2 Kg4 48. Rb8 Rxa5 49. Rg8+ Kf4
50. g3+ Ke5 51. Re8+ Kd4 52. Rd8+ Rd5 53. Re8 Kd3 54. Re7 Kd2 55. g4 Kd3
56. gxf5 Rxf5+ 57. Ke1 Ra5 58. Re8 Ra1+ 59. Kf2 Ra2+ 60. Ke1 Ke3 61. Kf1
Ra7 62. Rb8 Ra1+ 63. Kg2 Rd1 64. Re8 Kd3 65. Kf2 Rd2+ 66. Ke1 Ra2 67. Rd8+
Ke3 68. Kf1 Ra1+ 69. Kg2 Ke2 70. Rb8 Rd1 71. Rb7 e3 72. Re7 Rd6 73. Kg3
Rg6+ 74. Kf4 Rf6+ 75. Kg3 Kd2 76. Rd7+ Ke1 77. Ra7 e2 78. Ra1+ Kd2 79. Ra2+
Kd3 80. Ra3+ Kd4 81. Ra4+ Kc3 82. Ra3+ Kd4 83. Ra4+ Kd5 84. Ra5+ Kd6 85.
Ra6+ Kc7 86. Ra7+ Kd8 87. Ra8+ Ke7 88. Ra7+ Ke6 89. Ra6+ Ke5 90. Ra5+
1/2-1/2